| 000 | 00443nam a2200169Ia 4500 | ||
|---|---|---|---|
| 001 | 29621 | ||
| 003 | IN-NITTTR | ||
| 005 | 20251114233403.0 | ||
| 008 | 251113s9999||||xx |||||||||||||| ||eng|| | ||
| 040 | _beng | ||
| 040 | _cIN-NITTTR | ||
| 041 | _aeng | ||
| 082 | _a658.6 R22 | ||
| 245 | 0 |
_aRecent advances in integrated design and manufacturing in mechanical engineering / _cGogu, Grigore, ed. |
|
| 700 | _aGogu, Grigore | ||
| 942 |
_2ddc _cBK |
||
| 999 |
_c32249 _d32249 |
||